[Event "IECC KO-5060"]
[Site "IECC email"]
[Date "2007.04.02"]
[Round "?"]
[White "Kinna, Michael"]
[Black "Stoever, Ralph"]
[Result "1-0"]
[WhiteElo "1470"]
[BlackElo "1954"]
[PlyCount "49"]
[EventDate "2007.??.??"]
[EventType "match (corr)"]
[EventRounds "2"]
[SourceTitle "Corr 2008"]
[Source "ChessBase"]
[SourceDate "2008.06.24"]
[SourceVersion "1"]
[SourceVersionDate "2008.06.24"]
[SourceQuality "1"]
[WhiteTeam "Australia"]
[BlackTeam "Germany"]
[WhiteTeamCountry "AUS"]
[BlackTeamCountry "GER"]

1. d4 Nf6 2. c4 g6 3. Nc3 d5 4. cxd5 Nxd5 5. e4 Nxc3 6. bxc3 Bg7 7. Nf3 c5 8. Rb1 0-0 9. Be2 b6 10. 0-0 Bb7 11. Qd3 e6 12. Ba3 Qc7 13. dxc5 bxc5 14. Qe3 Nd7 15. Bb5 Rfc8 16. Bxd7 Qxd7 17. Bxc5 Qc6 18. e5 Ba6 19. Rfd1 Bc4 20. a3 Bd5 21. Bd4 Bf8 22. Ne1 Bxa3 23. c4 Be4 24. Rb3 Bf8 25. f3 1-0

[Event "IECG TE.2002.S.01102 email"]
[Site "IECG email"]
[Date "2004.08.08"]
[Round "?"]
[White "Flude, David A"]
[Black "Stoever, Ralph"]
[Result "1/2-1/2"]
[WhiteElo "2051"]
[BlackElo "2208"]
[PlyCount "63"]
[EventDate "2004.08.08"]
[EventType "tourn (corr)"]
[EventRounds "8"]
[SourceTitle "Corr 2008"]
[Source "ChessBase"]
[SourceDate "2008.06.24"]
[SourceVersion "1"]
[SourceVersionDate "2008.06.24"]
[SourceQuality "1"]

1. d4 Nf6 2. c4 c5 3. d5 e6 4. Nc3 exd5 5. cxd5 d6 6. e4 g6 7. h3 Bg7 8. Bd3 0-0 9. Nf3 b5 10. Bxb5 Nxe4 11. Nxe4 Qa5+ 12. Nfd2 Qxb5 13. Nxd6 Qa6 14. N2c4 Rd8 15. Bf4 Nd7 16. 0-0 Nb6 17. Nxb6 Qxb6 18. Nxc8 Raxc8 19. Rb1 Qb7 20. d6 Bf8 21. Qd3 Bxd6 22. Bxd6 Rc6 23. Rfd1 Qd7 24. Qa3 Rxd6 25. Rxd6 Qxd6 26. Qxa7 Re8 27. Qa4 Re2 28. Qb5 Rc2 29. Qe8+ Kg7 30. Qe3 Qd5 31. a4 Qa2 32. Qe5+ 1/2-1/2

[Event "IECG TE.2002.S.01102 email"]
[Site "IECG email"]
[Date "2004.08.08"]
[Round "?"]
[White "Stoever, Ralph"]
[Black "Flude, David A"]
[Result "1/2-1/2"]
[WhiteElo "2208"]
[BlackElo "2051"]
[PlyCount "73"]
[EventDate "2004.08.08"]
[EventType "tourn (corr)"]
[EventRounds "8"]
[SourceTitle "Corr 2008"]
[Source "ChessBase"]
[SourceDate "2008.06.24"]
[SourceVersion "1"]
[SourceVersionDate "2008.06.24"]
[SourceQuality "1"]

1. d4 Nf6 2. c4 c5 3. d5 e6 4. Nc3 exd5 5. cxd5 d6 6. e4 g6 7. Nf3 Bg7 8. h3 0-0 9. Bd3 Nbd7 10. 0-0 Nh5 11. Bg5 f6 12. Be3 Ne5 13. Be2 f5 14. Nxe5 Bxe5 15. Bxh5 gxh5 16. Qxh5 f4 17. Bd2 Bd7 18. Rab1 Rf7 19. Ne2 Qf6 20. Qf3 Qh4 21. g3 Rg7 22. Nxf4 Bxh3 23. Nxh3 Qxh3 24. Qg2 Qh5 25. Rfe1 Rf8 26. Bc3 Rg4 27. Rbc1 b5 28. Rc2 Rf7 29. a3 Bxc3 30. Rxc3 Qe5 31. Re2 Rfg7 32. Rb3 a6 33. Qf3 c4 34. Rbe3 R7g5 35. a4 Rf4 36. Qg2 Rg7 37. axb5 1/2-1/2

[Event "IECG TE.2002.S.01102 email"]
[Site "IECG email"]
[Date "2004.08.08"]
[Round "?"]
[White "Stoever, Ralph"]
[Black "Geiger, Walter"]
[Result "1/2-1/2"]
[WhiteElo "2208"]
[BlackElo "2064"]
[PlyCount "55"]
[EventDate "2004.08.08"]
[EventType "tourn (corr)"]
[EventRounds "8"]
[SourceTitle "Corr 2008"]
[Source "ChessBase"]
[SourceDate "2008.06.24"]
[SourceVersion "1"]
[SourceVersionDate "2008.06.24"]
[SourceQuality "1"]

1. d4 Nf6 2. c4 c5 3. d5 e6 4. Nc3 exd5 5. cxd5 d6 6. e4 g6 7. Bd3 Bg7 8. Nge2 0-0 9. 0-0 a6 10. a4 Nbd7 11. h3 Rb8 12. Ng3 Ne8 13. Rb1 Nc7 14. a5 Re8 15. Be3 Na8 16. Ra1 b5 17. axb6 Qxb6 18. Rb1 Nc7 19. Qd2 Qb4 20. Rfc1 Ne5 21. Be2 a5 22. Bh6 f6 23. Bxg7 Kxg7 24. Ra1 Bd7 25. Ra2 a4 26. Qc2 Re7 27. Rca1 Qd4 28. Rd1 1/2-1/2

[Event "IECG TE.2002.S.01102 email"]
[Site "IECG email"]
[Date "2004.08.08"]
[Round "?"]
[White "Stoever, Ralph"]
[Black "Vidalina, Franjo"]
[Result "0-1"]
[WhiteElo "2208"]
[BlackElo "2211"]
[PlyCount "52"]
[EventDate "2004.08.08"]
[EventType "tourn (corr)"]
[EventRounds "8"]
[SourceTitle "Corr 2008"]
[Source "ChessBase"]
[SourceDate "2008.06.24"]
[SourceVersion "1"]
[SourceVersionDate "2008.06.24"]
[SourceQuality "1"]

1. d4 Nf6 2. c4 c5 3. d5 e6 4. Nc3 exd5 5. cxd5 d6 6. e4 g6 7. Nf3 Bg7 8. h3 0-0 9. Bd3 b5 10. Bxb5 Nxe4 11. Nxe4 Qa5+ 12. Nfd2 Qxb5 13. Nxd6 Qa6 14. N2c4 Rd8 15. Bf4 Nd7 16. 0-0 Nb6 17. Nxb6 axb6 18. Qd2 b5 19. Nxc8 Qxc8 20. Rfc1 Ra4 21. Bg3 Rd4 22. Qa5 R8xd5 23. Qxb5 h5 24. h4 Kh7 25. Rab1 g5 26. hxg5 h4 0-1

[Event "IECG TE.2002.P.01120 email"]
[Site "IECG email"]
[Date "2002.12.30"]
[Round "?"]
[White "Stoever, Ralph"]
[Black "Wurm, Tamas"]
[Result "1-0"]
[WhiteElo "2208"]
[BlackElo "1363"]
[PlyCount "63"]
[EventDate "2002.12.30"]
[EventType "tourn (corr)"]
[EventRounds "8"]
[SourceTitle "Corr 2008"]
[Source "ChessBase"]
[SourceDate "2008.06.24"]
[SourceVersion "1"]
[SourceVersionDate "2008.06.24"]
[SourceQuality "1"]

1. d4 Nf6 2. c4 c5 3. d5 e6 4. Nc3 exd5 5. cxd5 d6 6. e4 g6 7. f4 Bg7 8. Bb5+ Nfd7 9. a4 a6 10. Bd3 Qh4+ 11. g3 Qe7 12. Nf3 0-0 13. 0-0 Re8 14. Re1 Nf8 15. Nd2 Nbd7 16. Nc4 Rb8 17. Be3 Nf6 18. e5 Ng4 19. Nxd6 Nxe3 20. Rxe3 Rd8 21. Nce4 Bf5 22. Nxf5 gxf5 23. Nc3 Qd7 24. Qh5 Ng6 25. Bxf5 Qe8 26. Rae1 b5 27. axb5 axb5 28. d6 Qc6 29. Be4 Qd7 30. Bd5 Kh8 31. Ne4 Rbc8 32. Ng5 1-0

[Event "IECG C1.2000.0.00314"]
[Site "IECG email"]
[Date "2000.10.27"]
[Round "?"]
[White "Draba, Henryk"]
[Black "Stoever, Ralph"]
[Result "1/2-1/2"]
[WhiteElo "1860"]
[BlackElo "1801"]
[PlyCount "69"]
[EventDate "2000.10.27"]
[EventType "tourn (corr)"]
[EventRounds "6"]
[SourceTitle "Corr 2008"]
[Source "ChessBase"]
[SourceDate "2008.06.24"]
[SourceVersion "1"]
[SourceVersionDate "2008.06.24"]
[SourceQuality "1"]

1. e4 Nf6 2. e5 Nd5 3. d4 d6 4. Nf3 Bg4 5. Be2 c6 6. c4 Nb6 7. Qb3 N8d7 8. exd6 exd6 9. 0-0 Be7 10. h3 Bf5 11. Bd3 Bxd3 12. Qxd3 0-0 13. Re1 Re8 14. Nc3 Nf6 15. b3 d5 16. Bg5 h6 17. Bh4 Nbd7 18. Ne5 dxc4 19. Qxc4 Nxe5 20. dxe5 Nd5 21. Bxe7 Rxe7 22. Rad1 Qa5 23. Nxd5 cxd5 24. Qxd5 Qxa2 25. e6 Qc2 26. exf7+ Rxf7 27. Rd2 Qc7 28. Rde2 Qd7 29. Qc4 Rc8 30. Qb4 Rcf8 31. f3 Rd8 32. Kh1 Qd4 33. Qa3 a6 34. b4 Qd3 35. Qa2 1/2-1/2

[Event "IECG C1.2000.0.00314"]
[Site "IECG email"]
[Date "2000.10.27"]
[Round "?"]
[White "Ling, Anthony J"]
[Black "Stoever, Ralph"]
[Result "1/2-1/2"]
[WhiteElo "1880"]
[BlackElo "1801"]
[PlyCount "46"]
[EventDate "2000.10.27"]
[EventType "tourn (corr)"]
[EventRounds "6"]
[SourceTitle "Corr 2008"]
[Source "ChessBase"]
[SourceDate "2008.06.24"]
[SourceVersion "1"]
[SourceVersionDate "2008.06.24"]
[SourceQuality "1"]

1. e4 Nf6 2. e5 Nd5 3. d4 d6 4. Nf3 Bg4 5. Be2 c6 6. 0-0 Bxf3 7. Bxf3 dxe5 8. dxe5 e6 9. Nd2 Nd7 10. Re1 Qc7 11. Nc4 Bc5 12. a3 0-0 13. b4 Be7 14. Bb2 Rad8 15. Qe2 b5 16. Na5 N7b6 17. Qf1 a6 18. c4 bxc4 19. Bd4 c3 20. Qxa6 c5 21. bxc5 Bxc5 22. Bxc5 Qxc5 23. Nb3 Qe7 1/2-1/2

[Event "IECG C1.2000.0.00314"]
[Site "IECG email"]
[Date "2000.10.27"]
[Round "?"]
[White "Stoever, Ralph"]
[Black "Van Seben, Edgar"]
[Result "1/2-1/2"]
[WhiteElo "1801"]
[BlackElo "1935"]
[PlyCount "43"]
[EventDate "2000.10.27"]
[EventType "tourn (corr)"]
[EventRounds "6"]
[SourceTitle "Corr 2008"]
[Source "ChessBase"]
[SourceDate "2008.06.24"]
[SourceVersion "1"]
[SourceVersionDate "2008.06.24"]
[SourceQuality "1"]

1. e4 Nf6 2. e5 Nd5 3. d4 d6 4. Nf3 Bg4 5. Be2 e6 6. 0-0 Be7 7. c4 Nb6 8. Nc3 0-0 9. Be3 d5 10. c5 Bxf3 11. gxf3 Nc8 12. Kh1 Bh4 13. Rg1 Ne7 14. Bd3 Nbc6 15. f4 f5 16. a3 Ng6 17. Qf3 b6 18. b4 Qd7 19. cxb6 cxb6 20. Qh5 Be7 21. Rg3 Rf7 22. Ne2 1/2-1/2

[Event "IECG C1.2000.0.00253"]
[Site "IECG email"]
[Date "2000.01.10"]
[Round "?"]
[White "Stoever, Ralph"]
[Black "Gomez, Carlos"]
[Result "1-0"]
[WhiteElo "1801"]
[BlackElo "1950"]
[PlyCount "47"]
[EventDate "2000.01.10"]
[EventType "tourn (corr)"]
[EventRounds "6"]
[SourceTitle "Corr 2008"]
[Source "ChessBase"]
[SourceDate "2008.06.24"]
[SourceVersion "1"]
[SourceVersionDate "2008.06.24"]
[SourceQuality "1"]

1. d4 d5 2. c4 c6 3. Nc3 Nf6 4. e3 e6 5. Nf3 Nbd7 6. Bd3 dxc4 7. Bxc4 b5 8. Bd3 a6 9. e4 c5 10. e5 cxd4 11. Nxb5 axb5 12. exf6 Qb6 13. 0-0 Bb7 14. Qe2 b4 15. Bb5 gxf6 16. Nxd4 Rg8 17. g3 Bd5 18. Be3 Qb7 19. Rfd1 Ra5 20. Rac1 h6 21. Bf4 Rxb5 22. Nxb5 Kd8 23. Bc7+ Ke8 24. Ba5 1-0